000 00316nam a2200121Ia 4500
008 191201s2005 xx 000 0 und d
100 _aSIDDIQUI, Moid
245 0 _aCorporate Soul The Monk Within the Manager
260 _aN.Delhi
_bResponse Books
_c2005
300 _a300
650 _aGeneral Books
942 _2ddc
_cBK
999 _c1766
_d1766